| 000 | 01088cam a2200325 i 4500 | ||
|---|---|---|---|
| 001 | 120554 | ||
| 005 | 20230410123553.0 | ||
| 008 | 150819s2005 fr a 000 0 fre | ||
| 020 | _a2247057322 | ||
| 041 | 0 | _afre | |
| 050 | 1 | 4 |
_aKJV 1883.6 _bC669 2005 |
| 082 | 0 | 0 | _a346.440 |
| 245 | 0 | 0 |
_aCode des sociétés et des marchés financiers / _cJean-Paul Valuet, alain Lienhard. |
| 250 | _a21e ed | ||
| 260 |
_aParis : _bDalloz, _c2005. |
||
| 300 |
_aXXX-2221 p. ; _c20 cm. |
||
| 440 | 0 | _aPetits codes Dalloz | |
| 504 | _aIncluye bibliografía e indice. | ||
| 650 | 4 | _aIDEF | |
| 650 | 4 | _aInstitut international du droit d'expression et d'inspiration francaises. | |
| 650 | 4 |
_aEmpresas _xDerecho _zFrancia _xCódigos. |
|
| 650 | 4 |
_aMercado financiero _xDerecho _zFrancia _xCódigos. |
|
| 650 | 6 |
_aSociétés _xDroit _zFrance _xCodes. |
|
| 650 | 6 |
_aMarché financier _xDroit _zFrance _cCodes. |
|
| 700 | 1 | _aValuet, Jean-Paul. | |
| 700 | 1 | _aLienhard, Alain. | |
| 710 | 2 | _aInstitut international du droit d'expression et d'inspiration francaises. | |
| 942 |
_2lcc _cbk |
||
| 946 | _almd | ||
| 999 |
_c64088 _d64088 |
||